| 000 | 00771 a2200217 4500 | ||
|---|---|---|---|
| 001 | 28039 | ||
| 005 | 20260407155552.0 | ||
| 008 | 260407a1960 arg spa d | ||
| 003 | AR-UNSa-BCEJYS | ||
| 040 |
_aAR-UNSa-BCEJYS _bspa _cAR-UNSa-BCEJYS |
||
| 080 |
_a657 _xContabilidad |
||
| 245 | 1 | 0 |
_aVademecum para Usted _pmanual práctico |
| 264 | 1 |
_aBuenos Aires : _bBasilea _c1960 |
|
| 300 |
_a464 p. _c23 cm. |
||
| 505 | _a1. Contratos e instrumentos varios - 2. Contratos de sociedades comerciales - 3. Correspondecias y escritos usuales - 4. Escritos judiciales - 5. Conociemientos útiles y trámites diversos | ||
| 942 | _cBK | ||
| 590 | _aniveau_biblio:m niveau_hierar:0 | ||
| 100 | 1 | _aCalvinho, Luis A. | |
| 700 | 1 | _aLeone, Fernando H. | |
| 700 | 1 | _aSun, Ramón F. | |
| 999 |
_c1639 _d1639 |
||